Central Library OPAC University of Rajshahi

أسد الغابة في معرفة الصحابة ;; Usd al-ghābah fī maʿrifat al-ṣaḥābah / (Record no. 78511)

MARC details
000 -LEADER
fixed length control field 01606cam a2200313 a 4500
001 - CONTROL NUMBER
control field 78511
003 - CONTROL NUMBER IDENTIFIER
rucl marc code BD-RjUL
005 - DATE AND TIME OF LATEST TRANSACTION
control field 20220111161903.0
008 - FIXED-LENGTH DATA ELEMENTS--GENERAL INFORMATION
fixed length control field 210929s1966 ir 000 0carar
025 ## - OVERSEAS ACQUISITION NUMBER
Overseas acquisition number PL480:UAR-5785
035 ## - SYSTEM CONTROL NUMBER
System control number (BD-RjUL)78737
040 ## - CATALOGING SOURCE
Original cataloging agency DLC
Transcribing agency WAU
Modifying agency DLC
-- IUL
-- CLU
Language of cataloging eng
041 ## - LANGUAGE CODE
Language code of text/sound track or separate title ara
082 ## - DEWEY DECIMAL CLASSIFICATION NUMBER
Edition number 23
Classification number 297.648
Author mark and year IBU 1966
100 1# - MAIN ENTRY--PERSONAL NAME
Personal name ابن الأثير، عز الدين.;;; Ibn al-Athīr, ʿIzz al-Dīn,
Dates associated with a name 1160-1233.
9 (RLIN) 248690
245 10 - TITLE STATEMENT
Title أسد الغابة في معرفة الصحابة ;; Usd al-ghābah fī maʿrifat al-ṣaḥābah /
Statement of responsibility, etc. أليف عز الدين أبي الحسن علي بن محمد بن عبد الكريم الجزري المعروف بابن الأثير ؛ أ;; taʼlīf ʿIzz al-Dīn Abī al-Ḥasan ʿAlī ibn Muḥammad ibn ʿAbd al-Karīm al-Jazarī al-maʿrūf bi-Ibn al-Athīr
260 ## - PUBLICATION, DISTRIBUTION, ETC. (IMPRINT)
Place of publication, distribution, etc. [al-Qāhirah :
Name of publisher, distributor, etc. al-Maktabah al-Islamiah,
Date of publication, distribution, etc. 1966- ]
300 ## - PHYSICAL DESCRIPTION
Pagination v. ;
Size 22 cm.
505 ## - FORMATTED CONTENTS NOTE
Formatted contents note Vol.1.--v.2.-- v.3.--
600 00 - SUBJECT ADDED ENTRY--PERSONAL NAME
Personal name Muḥammad,
Titles and other words associated with a name Prophet,
Dates associated with a name -632
General subdivision Companions.
880 10 - ALTERNATE GRAPHIC REPRESENTATION
Linkage 245-02/(3/r
a أسد الغابة في معرفة الصحابة /
c تأليف عز الدين أبي الحسن علي بن محمد بن عبد الكريم الجزري المعروف بابن الأثير ؛ أ.
Linkage 260-00/(3/r
a [القاهرة :
b المكتبة التعاونية،
c 1964-]
Linkage 700-00/(3/r
a صبيح، محمد.
Linkage 700-00/(3/r
a فايد، محمود.
Linkage 700-00/(3/r
a عاشور، محمد.
Linkage 700-00/(3/r
a بنا، محمد.
942 ## - ADDED ENTRY ELEMENTS (KOHA)
Source of classification or shelving scheme Dewey Decimal Classification
Koha item type Books
Holdings
Lost status Source of classification or shelving scheme Damaged status Not for loan Collection code Permanent Location Current Location Shelving location Date acquired Total Checkouts Full call number Date last seen Copy number Koha item type Source of acquisition
  Dewey Decimal Classification   Not For Loan Non-fiction Central Library, University of Rajshahi Central Library, University of Rajshahi Reading Room 29/09/2021   A 297.648 IBU V-2 1966 29/09/2021 C-1 Books  
  Dewey Decimal Classification     Non-fiction Central Library, University of Rajshahi Central Library, University of Rajshahi   29/09/2021   A 297.648 IBU V-2 1966 29/09/2021 C-2 Books  
  Dewey Decimal Classification   Not For Loan Non-fiction Central Library, University of Rajshahi Central Library, University of Rajshahi Reading Room 10/07/1968   A 297.648 IBU V-1 1966 29/09/2021 C-1 Books Zeitlinger
  Dewey Decimal Classification     Non-fiction Central Library, University of Rajshahi Central Library, University of Rajshahi   10/07/1968   A 297.648 IBU V-1 1966 29/09/2021 C-2 Books zeitlinger
  Dewey Decimal Classification   Not For Loan Non-fiction Central Library, University of Rajshahi Central Library, University of Rajshahi Reading Room 20/10/2021   A 297.648 IBU V-5 1966 20/10/2021 C-1 Books  
  Dewey Decimal Classification   Not For Loan Non-fiction Central Library, University of Rajshahi Central Library, University of Rajshahi Reading Room 10/09/1968   297.648 IBU V-3 1966 11/01/2022 C-1 Books Zeitlinger
  Dewey Decimal Classification   Not For Loan Non-fiction Central Library, University of Rajshahi Central Library, University of Rajshahi Reading Room 09/11/2022   A 297.648 IBU V-4 1966 09/11/2022 C-1 Books  
  Dewey Decimal Classification   Not For Loan Non-fiction Central Library, University of Rajshahi Central Library, University of Rajshahi Reading Room 09/11/2022   A 297.648 IBU V-5 1966 09/11/2022 C-1 Books